00865cam a2200253 a 4500001000400000003001000004005001700014008004100031020001800072040002500090080001800115090001900133100001600152245009800168260003800266300002700304504002500331650003800356650003300394650003600427942001200463952012300475999001300598255BR-CuiBMT20231114000125.0230914s2012 mgba 000 0 por d a9788577005758 aBR-CuiBMTcBR-CuiBMT 22007a347.991 a347.991bR159a1 aRais, Diogo12aA sociedade e o Supremo Tribunal Federal :bo caso das audiências públicas /cDiogo Rais. aBelo Horizonte :bFórum,c2012. a179 p. :bil. ;c22 cm aInclui bibliografia. aSupremo Tribunal Federal (Brasil) aTribunais superioreszBrasil aAudiências públicaszBrasil 2udccLV 00102udc4070aBIBTCEMTbBIBTCEMTd2023-08-16l0o347.991 R159apBIBTCEMT23100048r2023-08-16tEx. 1w2023-08-16yLV c255d255